| 000 | 00412pab a2200157 454500 | ||
|---|---|---|---|
| 008 | 180718b2000 xxu||||| |||| 00| 0 eng d | ||
| 100 | _aBose, Deb Kumar | ||
| 245 | _aNuclear power for Eastern India | ||
| 260 | _c2000 | ||
| 300 | _ap.3480-484 | ||
| 362 | _a23 Sep | ||
| 650 | _aNuclear power stations - India | ||
| 650 | _aNuclear power stations | ||
| 773 | _aEconomic and Political Weekly | ||
| 909 | _a46303 | ||
| 999 |
_c46303 _d46303 |
||